[Event "AUTO-MASTER-572"]
[Site "http://www.queenalice.com/game.php?id=438397"]
[Date "2008.7.24"]
[Round "1"]
[White "reginaribeiro"]
[Black "JulioCG"]
[Result "1-0"]
[WhiteElo "2271"]
[BlackElo "1984"]

1. Nf3 Nc6 2. d4 d5 3. g3 Nf6 4. Bg2 e5 5. Nxe5 Nxe5 6. dxe5 Ne4 7. Bxe4 dxe4 8.
Qxd8+ Kxd8 9. Nc3 Bb4 10. Bg5+ Kd7 11. O-O-O+ Ke6 12. Nb5 Ba5 13. Bd8 Bb6 14.
Bxc7 Bxf2 15. Rhf1 Be3+ 16. Kb1 a6 17. Nd6 f6 18. exf6 gxf6 19. Nxe4 1-0

[Event "AUTO-MASTER-572"]
[Site "http://www.queenalice.com/game.php?id=438398"]
[Date "2008.7.24"]
[Round "1"]
[White "JulioCG"]
[Black "reginaribeiro"]
[Result "0-1"]
[WhiteElo "2007"]
[BlackElo "2277"]

1. e4 c5 2. Nf3 Nc6 3. Bc4 e6 4. O-O Nf6 5. e5 Ng4 6. d4 cxd4 7. Nxd4 Nxh2 8.
Kxh2 Qh4+ 9. Kg1 Qxd4 10. Qxd4 Nxd4 11. Bd3 Nc6 12. f4 Bc5+ 13. Kh2 d6 14. exd6
Bxd6 15. Nc3 Bd7 16. Ne4 Be7 17. a3 O-O-O 18. Be3 b6 19. Nc3 h5 20. Ba6+ Kb8 21.
Rad1 Bf6 22. Bd2 Nd4 23. Bd3 Nf5 24. Bxf5 exf5 25. Rfe1 Bc6 26. Re2 h4 27. Be1
Rxd1 28. Nxd1 h3 29. g3 Bf3 30. Rd2 Re8 31. Bf2 Bxd1 32. Rxd1 Re2 0-1

[Event "AUTO-MASTER-572"]
[Site "http://www.queenalice.com/game.php?id=438399"]
[Date "2008.7.24"]
[Round "1"]
[White "reginaribeiro"]
[Black "killtochess"]
[Result "1-0"]
[WhiteElo "2260"]
[BlackElo "2102"]

1. Nf3 c5 2. g3 d5 3. Bg2 Nc6 4. d4 e6 5. O-O Nf6 6. c4 Be7 7. cxd5 exd5 8. Nc3
O-O 9. Bg5 c4 10. Ne5 h6 11. Bxf6 Bxf6 12. Nxd5 Nxe5 13. dxe5 Bxe5 14. Qc2 Be6
15. Qxc4 Bxd5 16. Bxd5 Rc8 17. Qe4 Bxb2 18. Rad1 Qa5 19. Bxb7 Rce8 20. Qc4 Rb8
21. Rd7 Qc3 22. Qxc3 Bxc3 23. Bd5 a5 24. Rc1 Be5 25. Rc5 Rb2 26. Bf3 1-0

[Event "AUTO-MASTER-572"]
[Site "http://www.queenalice.com/game.php?id=438400"]
[Date "2008.7.24"]
[Round "1"]
[White "killtochess"]
[Black "reginaribeiro"]
[Result "0-1"]
[WhiteElo "2077"]
[BlackElo "2227"]

1. d4 Nf6 2. c4 g6 3. Nf3 Bg7 4. g3 O-O 5. Bg2 c6 6. O-O d5 7. Nbd2 Bf5 8. Qb3
Qb6 9. c5 Qc7 10. Nh4 Bg4 11. Ndf3 h6 12. Bf4 Qc8 13. Qe3 g5 14. Nxg5 hxg5 15.
Bxg5 Qe6 16. f3 Qxe3+ 17. Bxe3 Bd7 18. Bf2 Na6 19. e4 dxe4 20. fxe4 Ng4 21. Nf3
Nxf2 22. Rxf2 Bg4 23. e5 Rad8 24. Rd2 Bh6 0-1

[Event "AUTO-ELITE-207"]
[Site "http://www.queenalice.com/game.php?id=450419"]
[Date "2008.8.19"]
[Round "1"]
[White "antonius"]
[Black "reginaribeiro"]
[Result "1-0"]
[WhiteElo "2334"]
[BlackElo "2324"]

1. d4 Nf6 2. c4 e6 3. Nc3 Bb4 4. e3 O-O 5. Bd3 c5 6. a3 Bxc3+ 7. bxc3 Qc7 8. Ne2
Nc6 9. e4 d6 10. O-O e5 11. d5 Ne7 12. Bg5 Ne8 13. Ng3 h6 14. Bd2 Nf6 15. f4 Bg4
16. Qe1 exf4 17. Rxf4 Ng6 18. Rxf6 gxf6 19. h3 Ne5 20. Qe3 f5 21. exf5 f6 22.
hxg4 Nxg4 23. Qe4 Ne5 24. Be2 Qg7 25. Qh4 1-0

[Event "AUTO-ELITE-207"]
[Site "http://www.queenalice.com/game.php?id=450420"]
[Date "2008.8.19"]
[Round "1"]
[White "reginaribeiro"]
[Black "antonius"]
[Result "0-1"]
[WhiteElo "2306"]
[BlackElo "2332"]

1. Nf3 Nf6 2. g3 b6 3. Bg2 Bb7 4. O-O e6 5. c4 c5 6. Nc3 a6 7. d3 Be7 8. e4 d6
9. a3 O-O 10. Re1 Nc6 11. b4 cxb4 12. axb4 Nxb4 13. Rb1 a5 14. Ba3 Nd7 15. d4
Rc8 16. Nd2 Nb8 17. Qb3 N8c6 18. Nf3 Ba6 19. Bf1 Re8 20. Rbd1 Qd7 21. Rd2 h6 22.
Red1 Bf6 23. e5 Be7 24. exd6 Qxd6 25. d5 exd5 26. Nxd5 Qc5 27. Qa4 Rb8 28. Nd4
Nxd4 29. Rxd4 Bb7 30. Qd7 Bc6 31. Qf5 Rbd8 32. Rf4 Rf8 33. Re4 Bxd5 34. Rxd5 Qc7
35. Rxd8 Rxd8 36. Bb2 Qd7 37. Qf3 Nc6 38. h3 Bc5 39. Rg4 Bd4 40. Bxd4 Nxd4 41.
Qf6 Ne6 42. Qxh6 a4 43. Qe3 Qa7 44. Qa3 Rd1 45. Qf3 Rb1 46. Qe4 Rxf1+ 47. Kxf1
a3 48. Qb1 a2 0-1

[Event "AUTO-ELITE-207"]
[Site "http://www.queenalice.com/game.php?id=450427"]
[Date "2008.8.19"]
[Round "1"]
[White "reginaribeiro"]
[Black "pumamercedino"]
[Result "1-0"]
[WhiteElo "2312"]
[BlackElo "2340"]

1. Nf3 d5 2. g3 Nf6 3. Bg2 c6 4. O-O Bf5 5. c4 e6 6. Nc3 d4 7. Na4 b5 8. cxb5
cxb5 9. Nxd4 Qxd4 10. Nc3 b4 11. Bxa8 bxc3 12. dxc3 Qc4 13. Qb3 Qc7 14. Rd1 Nbd7
15. Be3 Bc5 16. Bxc5 Qxc5 17. Qa4 O-O 18. Bg2 e5 19. Qc6 Rb8 20. b4 Qxc6 21.
Bxc6 Nb6 22. a4 h6 23. f3 Rc8 24. b5 Bc2 25. Rdc1 Bf5 26. c4 Be6 27. c5 Nbd5 28.
Bxd5 Nxd5 29. a5 Kf8 30. c6 Ne7 31. e4 Rb8 32. Rc5 f6 33. Rd1 Nc8 34. f4 Ke7 35.
f5 1-0

[Event "AUTO-ELITE-207"]
[Site "http://www.queenalice.com/game.php?id=450428"]
[Date "2008.8.19"]
[Round "1"]
[White "pumamercedino"]
[Black "reginaribeiro"]
[Result "1-0"]
[WhiteElo "2327"]
[BlackElo "2327"]

1. d4 Nf6 2. c4 e6 3. Nc3 Bb4 4. f3 d5 5. a3 Bxc3+ 6. bxc3 c5 7. cxd5 exd5 8. e3
O-O 9. Bd3 Nc6 10. Ne2 Re8 11. O-O cxd4 12. cxd4 Qd6 13. Ra2 Be6 14. g4 Na5 15.
Ng3 Rac8 16. g5 Nd7 17. Nf5 Qc7 18. f4 Bxf5 19. Bxf5 Nc4 20. Qf3 Rcd8 21. Bd3 b5
22. f5 Nf8 23. f6 g6 24. h4 Qa5 25. h5 Qc3 26. Rd1 Qb3 27. Bxc4 bxc4 28. Rb2 Qa4
29. hxg6 hxg6 30. Rh2 Re4 31. Rf1 Qd7 32. Qh1 1-0

[Event "AUTO-OPEN-1149"]
[Site "http://www.queenalice.com/game.php?id=492786"]
[Date "2008.11.13"]
[Round "3"]
[White "reginaribeiro"]
[Black "westchessdf"]
[Result "1-0"]
[WhiteElo "2312"]
[BlackElo "1745"]

1. Nf3 Nc6 2. d4 d5 3. Bf4 Nf6 4. e3 Bf5 5. Bb5 e6 6. Ne5 a6 7. Bxc6+ bxc6 8.
Nxc6 Qd7 9. Ne5 Qb5 10. b3 Bd6 11. Nd2 c5 12. c4 dxc4 13. bxc4 Qb7 14. Qa4+ Nd7
15. dxc5 Bxc5 16. e4 Bg6 17. Rb1 Qa7 18. O-O Bd4 19. Nc6 Qc5 20. Nb3 Bxf2+ 21.
Rxf2 Qh5 22. Ne5 Rd8 23. Nc5 1-0

[Event "AUTO-OPEN-1149"]
[Site "http://www.queenalice.com/game.php?id=492787"]
[Date "2008.11.13"]
[Round "3"]
[White "westchessdf"]
[Black "reginaribeiro"]
[Result "0-1"]
[WhiteElo "1696"]
[BlackElo "2313"]

1. d4 f5 2. g3 Nf6 3. Bg2 e6 4. Nc3 Bb4 5. Bd2 O-O 6. Nf3 d5 7. a3 Be7 8. h3 Ne4
9. Ne5 c5 10. Nxe4 fxe4 11. dxc5 Bxc5 12. O-O Nc6 13. Nxc6 bxc6 14. b4 Bb6 15.
Bf4 Qf6 16. Kh2 g5 17. Bd6 Rf7 18. f3 e3 19. f4 Ba6 20. fxg5 Qxg5 21. Rf3 Rxf3
22. Bxf3 Qf6 23. Rc1 Rd8 24. Bc5 Bxc5 25. bxc5 Qc3 26. Ra1 Qxc5 27. Qb1 Rf8 28.
Qb3 Bxe2 29. Bxe2 Rf2+ 30. Kg1 Rxe2 31. Qb8+ Qf8 32. Qxf8+ Kxf8 33. c4 d4 34.
Kf1 Rh2 0-1

[Event "AUTO-MASTER-572"]
[Site "http://www.queenalice.com/game.php?id=500140"]
[Date "2008.11.29"]
[Round "2"]
[White "Plotnnikov"]
[Black "reginaribeiro"]
[Result "1/2-1/2"]
[WhiteElo "2310"]
[BlackElo "2313"]

1. e4 c6 2. Nc3 d5 3. d4 g6 4. Nf3 Bg7 5. Bf4 dxe4 6. Nxe4 Qa5+ 7. Bd2 Qc7 8.
Bc4 Nf6 9. Nxf6+ Bxf6 10. O-O O-O 11. Bh6 Rd8 12. c3 b5 13. Bd3 Be6 14. a4 Bc4
15. axb5 cxb5 16. Re1 Nd7 17. Bxc4 Qxc4 18. Nd2 Qd5 19. Ne4 a5 20. Nxf6+ exf6
21. Qe2 a4 22. Qe7 Qh5 23. Bf4 Qd5 24. Qb4 Re8 25. Re7 1/2-1/2

[Event "AUTO-MASTER-572"]
[Site "http://www.queenalice.com/game.php?id=500141"]
[Date "2008.11.29"]
[Round "2"]
[White "reginaribeiro"]
[Black "Plotnnikov"]
[Result "0-1"]
[WhiteElo "2318"]
[BlackElo "2319"]

1. Nf3 Nf6 2. g3 d5 3. Bg2 Bf5 4. O-O e6 5. c4 c6 6. b3 Nbd7 7. d4 Be7 8. Bb2
O-O 9. Nbd2 h6 10. Ne5 Qa5 11. Nxd7 Nxd7 12. e4 Bg6 13. f4 Bb4 14. f5 exf5 15.
exf5 Bh7 16. Nb1 dxc4 17. bxc4 Rae8 18. a3 Be7 19. Bc3 Qa6 20. Nd2 Nb6 21. Qb3
Bg5 22. g4 h5 23. h3 Be3+ 24. Kh1 hxg4 25. hxg4 c5 26. Rf3 Na4 27. Nf1 Nxc3 28.
Nxe3 cxd4 29. Nd5 Nxd5 30. cxd5 Qf6 31. Raf1 Re4 32. Rg3 Qh4+ 33. Rh3 Qxg4 34.
f6 Rf4 35. Rxf4 Qxf4 36. fxg7 Re8 37. Qg3 Qxg3 38. Rxg3 Re1+ 39. Kh2 d3 40. Bf3
d2 0-1

[Event "AUTO-MASTER-572"]
[Site "http://www.queenalice.com/game.php?id=500144"]
[Date "2008.11.29"]
[Round "2"]
[White "reginaribeiro"]
[Black "mauriciov"]
[Result "1/2-1/2"]
[WhiteElo "2325"]
[BlackElo "2406"]

1. Nf3 Nf6 2. g3 d5 3. Bg2 c5 4. O-O Nc6 5. d4 e6 6. c4 dxc4 7. Qa4 cxd4 8. Nxd4
Qxd4 9. Bxc6+ Bd7 10. Rd1 Bxc6 11. Qxc6+ bxc6 12. Rxd4 e5 13. Rxc4 Kd7 14. Nc3
Nd5 15. Na4 f5 16. Bd2 Bd6 17. Rac1 Rhc8 18. Nc5+ Bxc5 19. Rxc5 Rcb8 20. b4 a5
21. bxa5 Ra6 22. R1c2 Kd6 23. Kg2 Rb7 24. R5c4 e4 25. g4 g6 26. Kg3 Rb1 27. Rc1
Rb2 28. R4c2 Rb7 29. Rc4 Rb2 30. R4c2 1/2-1/2

[Event "AUTO-MASTER-572"]
[Site "http://www.queenalice.com/game.php?id=500145"]
[Date "2008.11.29"]
[Round "2"]
[White "mauriciov"]
[Black "reginaribeiro"]
[Result "1-0"]
[WhiteElo "2411"]
[BlackElo "2327"]

1. Nf3 Nf6 2. g3 g6 3. c4 Bg7 4. Bg2 O-O 5. d4 d5 6. O-O c6 7. b3 Bf5 8. Nbd2
Ne4 9. Bb2 Nd7 10. Nh4 Nxd2 11. Qxd2 dxc4 12. Nxf5 gxf5 13. bxc4 Ne5 14. Qc2 Ng6
15. Qxf5 Qb6 16. Rab1 Bxd4 17. Ba1 Qc5 18. Qxc5 Bxc5 19. Rxb7 Rfc8 20. Rfb1 Nf8
21. a4 a5 22. h3 Ne6 23. Bc3 Kf8 24. e3 Nd8 25. R7b2 e6 26. Kf1 Ke7 27. Be4 f5
28. Bc2 Rc7 29. g4 fxg4 30. hxg4 Ke8 31. Ke2 1-0

[Event "AUTO-MASTER-546"]
[Site "http://www.queenalice.com/game.php?id=531499"]
[Date "2009.1.29"]
[Round "2"]
[White "centroid"]
[Black "reginaribeiro"]
[Result "0-1"]
[WhiteElo "1992"]
[BlackElo "2298"]

1. d4 Nf6 2. c4 e6 3. Nf3 d5 4. g3 c6 5. Bg2 dxc4 6. a4 Bb4+ 7. Nc3 O-O 8. O-O
Nbd7 9. Qc2 a5 10. Rd1 Qe7 11. e4 e5 12. h3 exd4 13. Nxd4 Ne5 14. b3 Qc5 15.
bxc4 Nxc4 16. Nb3 Qh5 17. g4 Nxg4 18. hxg4 Bxg4 19. f3 Bxf3 20. Bxf3 Qxf3 21.
Rd3 Qh5 22. Ne2 Ne5 23. Rg3 Nf3+ 24. Kf1 Qh1+ 25. Ng1 Nxg1 26. Rxg1 Qf3+ 27. Qf2
Qxb3 28. Rg3 Qc4+ 29. Qe2 Qxe2+ 30. Kxe2 Rfe8 31. Bh6 g6 32. Kf3 Rad8 33. Rg4
Rd3+ 34. Ke2 Rh3 0-1

[Event "AUTO-MASTER-546"]
[Site "http://www.queenalice.com/game.php?id=531500"]
[Date "2009.1.29"]
[Round "2"]
[White "reginaribeiro"]
[Black "centroid"]
[Result "1-0"]
[WhiteElo "2295"]
[BlackElo "1996"]

1. Nf3 d5 2. g3 b6 3. Bg2 Bb7 4. O-O Nf6 5. c4 dxc4 6. Na3 g6 7. Nxc4 Bg7 8. Qb3
O-O 9. d4 Nc6 10. Rd1 Qd5 11. Bf4 Na5 12. Nxa5 Qxa5 13. Bxc7 Nd5 14. Rac1 Rac8
15. Be5 f6 16. Bf4 g5 17. Bd2 Qa6 18. e4 e6 19. Bf1 b5 20. Bxb5 Qb6 21. Rxc8
Rxc8 22. Bd7 Rd8 23. Qxb6 Nxb6 24. Bxe6+ Kh8 25. d5 Nc4 26. Nd4 Nd6 27. f3 Bc8
28. Rc1 Bd7 29. Ba5 Rc8 30. Rxc8+ Bxc8 31. Bb4 1-0

[Event "Challenge"]
[Site "http://www.queenalice.com/game.php?id=579131"]
[Date "2009.4.27"]
[Round "-"]
[White "elrey"]
[Black "reginaribeiro"]
[Result "1-0"]
[WhiteElo "2335"]
[BlackElo "2301"]

1. e4 e5 2. Bc4 Nf6 3. d3 Bc5 4. Nf3 d6 5. c3 Nc6 6. b4 Bb6 7. a4 a5 8. b5 Ne7
9. Nbd2 O-O 10. O-O Ng6 11. Bb3 d5 12. Qc2 Re8 13. exd5 Nxd5 14. Nc4 Bc5 15. Re1
Bg4 16. Ncxe5 Nxe5 17. Nxe5 Bf5 18. Qe2 c6 19. Qf3 Be6 20. d4 Bd6 21. Bb2 Bxe5
22. Rxe5 Nc7 23. Bxe6 Rxe6 24. Rxe6 Nxe6 25. bxc6 bxc6 26. Qxc6 Rb8 27. Ba3 Nf4
28. Qe4 1-0